000 00335nab a22001097u 4500
008 130520b1986 xxu||||| |||| 00| 0 spa d
041 _aspa
100 1 _aPotz, R.
_967378
245 0 0 _aConcepto y evolución del derecho según el Código de 1983
_cR. Potz
773 0 _tConcilium
_gV.1,1986,págs.333-343
_x0210-1041
_wRev134
942 _cAR
999 _c355209
_d355209